00555nam a22001097a 4500008004100000100002000041245004600061260003300107300003600140520023600176773003300412260427b ||||| |||| 00| 0 eng d aKharat, Vaibhav aAn invitation to step off the glass floor aEconomic & Political Weekly  a61(7), Feb 14, 2026: p.29-31b  aMeet the Savarnas: Indian Millennials Whose Mediocrity Broke Everything by Ravikant Kisana, New Delhi: Ebury Press, 2025; pp 256, ₹699.-Reproduced https://www.epw.in/journal/2026/7/book-reviews/invitation-step-glass-floor.html  aEconomic & Political Weekly